000
00315nam a22001457a 4500
008
221208b ||||| |||| 00| 0 eng d
020
_a
9780321783806
041
_a
eng
080
_2
FIFTH EDITION
_a
51
082
_a
51LIA
100
_a
22.1
101
_a
MATE
245
_a
PRECALCULUS
_c
LIAL
942
_2
udc
_c
BK
999
_c
59146
_d
59146